[Event "Doncaster 4NCL op-B 15th"]
[Site "Doncaster"]
[Date "2017.09.09"]
[Round "3"]
[White "Evans, Peter Michael"]
[Black "Tinker, Chris R"]
[Result "0-1"]
[WhiteElo "1906"]
[BlackElo "1829"]
[PlyCount "92"]
[EventDate "2017.09.08"]
[EventType "swiss"]
[EventRounds "5"]
[EventCountry "ENG"]
[SourceTitle "CBM 180 Extra"]
[Source "ChessBase"]
[SourceDate "2017.10.06"]
[SourceVersion "1"]
[SourceVersionDate "2017.10.06"]
[SourceQuality "1"]

1. d4 c5 2. d5 d6 3. c4 Nf6 4. Nc3 e6 5. e4 exd5 6. cxd5 g6 7. f4 Bg7 8. Bb5+ Nfd7 9. a4 0-0 10. Nf3 Re8 11. 0-0 a6 12. Bd3 Qb6 13. a5 Qc7 14. Nd2 b5 15. axb6 Nxb6 16. Qf3 N8d7 17. Nc4 Nxc4 18. Bxc4 Nb6 19. b3 Qe7 20. Bd2 Bd4+ 21. Kh1 Qf6 22. e5 dxe5 23. Ne4 Qg7 24. Rae1 Nxc4 25. bxc4 Re7 26. d6 Rb7 27. fxe5 Rab8 28. Nf6+ Kh8 29. Qg3 Be6 30. Qh4 h5 31. Bg5 Qf8 32. g4 Kg7 33. gxh5 Qh8 34. Nd7 Qxh5 35. Qxh5 gxh5 36. Bf6+ Kh6 37. Nxb8 Bxc4 38. h4 Rxb8 39. Bg5+ Kg7 40. Bf6+ Kh7 41. Rg1 Rb2 42. Rg7+ Kh6 43. Reg1 Bd5+ 44. R7g2 Bc6 45. Kh2 Bxg1+ 46. Kxg1 Rxg2+ 0-1

[Event "Wakefield 4NCL op-B 8th"]
[Site "Wakefield"]
[Date "2016.04.03"]
[Round "5"]
[White "Almazedi, Firas"]
[Black "Tinker, Chris R"]
[Result "1/2-1/2"]
[WhiteElo "1945"]
[BlackElo "1750"]
[PlyCount "114"]
[EventDate "2016.04.01"]
[EventType "swiss"]
[EventRounds "5"]
[EventCountry "ENG"]
[SourceTitle "CBM 171 Extra"]
[Source "ChessBase"]
[SourceDate "2016.04.26"]
[SourceVersion "1"]
[SourceVersionDate "2016.04.26"]
[SourceQuality "1"]

1. d4 Nf6 2. c4 e6 3. Nf3 Ne4 4. a3 b6 5. d5 d6 6. g3 Bb7 7. Bg2 Nd7 8. 0-0 Be7 9. dxe6 fxe6 10. Nd4 Ndc5 11. b4 e5 12. Nf5 Ne6 13. Nxe7 Kxe7 14. Bb2 Qc8 15. f3 Nf6 16. Nc3 a5 17. Nd5+ Kf7 18. Bh3 Qd8 19. Qd2 Re8 20. e4 Kg8 21. Bc3 axb4 22. axb4 Rxa1 23. Rxa1 h6 24. Ra7 Bxd5 25. cxd5 Ng5 26. Bg2 Qb8 27. Ra1 Qb7 28. h4 Nf7 29. Qa2 Kh7 30. Bh3 g5 31. Bf5+ Kg7 32. Qa7 Rb8 33. Qxb7 Rxb7 34. hxg5 hxg5 35. Bd2 Nh7 36. Bd7 g4 37. Bxg4 Nf6 38. Be6 Nd8 39. Bf5 c5 40. Kf2 c4 41. Bc3 b5 42. Ra6 Ne8 43. f4 Nf7 44. fxe5 dxe5 45. Rg6+ Kf8 46. Ra6 Nc7 47. Ra1 Ke7 48. Kf3 Kf6 49. Ke3 Nxd5+ 50. exd5 Kxf5 51. Ra6 Rd7 52. g4+ Kxg4 53. Ke4 Kg5 54. Bd2+ Kh5 55. Bc3 Kg5 56. Bd2+ Kh5 57. Bc3 Kg5 1/2-1/2

[Event "Birmingham 4NCL op-B 7th"]
[Site "Birmingham"]
[Date "2016.01.31"]
[Round "5"]
[White "Tinker, Chris R"]
[Black "Webster, Paul"]
[Result "1/2-1/2"]
[WhiteElo "1757"]
[BlackElo "1970"]
[PlyCount "105"]
[EventDate "2016.01.29"]
[EventType "swiss"]
[EventRounds "5"]
[EventCountry "ENG"]
[SourceTitle "CBM 170 Extra"]
[Source "ChessBase"]
[SourceDate "2016.02.25"]
[SourceVersion "1"]
[SourceVersionDate "2016.02.25"]
[SourceQuality "1"]

1. e4 c5 2. c3 Nc6 3. Nf3 e6 4. d4 cxd4 5. cxd4 d5 6. e5 Bb4+ 7. Bd2 Qb6 8. a3 Bxd2+ 9. Qxd2 Nge7 10. Nc3 a6 11. Bd3 Bd7 12. Ne2 Na5 13. Qg5 Nb3 14. Rd1 Ng6 15. Bxg6 hxg6 16. 0-0 Bb5 17. Rfe1 Bxe2 18. Rxe2 Rc8 19. Qf4 Qd8 20. Qe3 Na5 21. Nd2 0-0 22. b4 Nc4 23. Nxc4 Rxc4 24. Rc1 Qc7 25. Ree1 Rc8 26. Rxc4 Qxc4 27. g3 Qc3 28. Kg2 b5 29. Qxc3 Rxc3 30. Re3 Rc4 31. Rd3 Kf8 32. h4 Ke8 33. f4 Kd8 34. Kf3 Kc7 35. g4 Kb6 36. f5 gxf5 37. gxf5 exf5 38. Kf4 g6 39. Kg5 Rc6 40. h5 gxh5 41. Kxf5 Kc7 42. Kg5 Kd7 43. Kxh5 f6 44. exf6 Rxf6 45. Kg5 Re6 46. Kf5 Re4 47. Kf6 Kd6 48. Kf7 Kc6 49. Kf6 Kb6 50. Kf5 a5 51. Kf6 axb4 52. axb4 Kb7 53. Kf5 1/2-1/2

[Event "Birmingham 4NCL op-B 7th"]
[Site "Birmingham"]
[Date "2016.01.30"]
[Round "3"]
[White "Tinker, Chris R"]
[Black "McDonnell, James J"]
[Result "0-1"]
[WhiteElo "1757"]
[BlackElo "1951"]
[PlyCount "73"]
[EventDate "2016.01.29"]
[EventType "swiss"]
[EventRounds "5"]
[EventCountry "ENG"]
[SourceTitle "CBM 170 Extra"]
[Source "ChessBase"]
[SourceDate "2016.02.25"]
[SourceVersion "1"]
[SourceVersionDate "2016.02.25"]
[SourceQuality "1"]

1. d4 d5 2. Nf3 Nf6 3. e3 Bf5 4. c4 c6 5. cxd5 cxd5 6. Qb3 Qc7 7. Bd2 e6 8. Nc3 Nc6 9. Rc1 a6 10. Nh4 Bg6 11. g3 Bh5 12. Bg2 Be7 13. Nf3 0-0 14. 0-0 Bd6 15. Rfe1 Rac8 16. a3 Qb8 17. Qa2 b5 18. b4 Nd7 19. Nxd5 Bxf3 20. Bxf3 exd5 21. Bxd5 Ne7 22. Rxc8 Qxc8 23. Bb3 Bb8 24. e4 Ba7 25. d5 Ne5 26. Kg2 Nd3 27. Re2 Ng6 28. Bc2 Nde5 29. f4 Qg4 30. Bd1 Qf3+ 31. Kh3 Qf1+ 32. Rg2 Qxd1 33. g4 Nf3 34. e5 Nxd2 35. Qxd2 Qxd2 36. Rxd2 Be3 37. Re2 0-1

[Event "Wetherby 4NCL op-B 6th"]
[Site "Wetherby"]
[Date "2016.01.10"]
[Round "5"]
[White "Tinker, Chris R"]
[Black "Johnson, Michael D"]
[Result "0-1"]
[WhiteElo "1757"]
[BlackElo "1742"]
[PlyCount "164"]
[EventDate "2016.01.08"]
[EventType "swiss"]
[EventRounds "5"]
[EventCountry "ENG"]
[SourceTitle "CBM 170 Extra"]
[Source "ChessBase"]
[SourceDate "2016.02.25"]
[SourceVersion "1"]
[SourceVersionDate "2016.02.25"]
[SourceQuality "1"]

1. d4 d5 2. Nf3 Nf6 3. e3 Bg4 4. c4 e6 5. Qb3 Qc8 6. Ne5 Bf5 7. Bd2 Nbd7 8. cxd5 Nxe5 9. dxe5 Nxd5 10. f3 Bg6 11. e4 Nb6 12. Nc3 c6 13. 0-0-0 Be7 14. Bd3 Qc7 15. f4 h6 16. Kb1 0-0-0 17. Be2 Nd7 18. Qc2 Bb4 19. Bf3 Ba5 20. Rc1 a6 21. Be3 Bb6 22. Qf2 Bxe3 23. Qxe3 Kb8 24. Rhd1 Qa5 25. Ne2 f5 26. exf5 Bxf5+ 27. Ka1 Rhf8 28. Nd4 Qb6 29. Nxf5 exf5 30. Qxb6 Nxb6 31. Rxd8+ Rxd8 32. Rd1 Re8 33. b3 Kc7 34. Kb2 Nd7 35. b4 Nf8 36. g4 g6 37. gxf5 gxf5 38. Rf1 Rd8 39. Kc3 b6 40. Bg2 Ne6 41. Bh3 Rf8 42. a3 c5 43. bxc5 Nxc5 44. Kc4 Ne6 45. Bg2 Rd8 46. Bh3 b5+ 47. Kc3 Rf8 48. Rf2 Kb6 49. Bg2 Rc8+ 50. Kd3 Rc4 51. Kd2 Nxf4 52. e6 Nxe6 53. Rxf5 Rd4+ 54. Kc3 Rd6 55. Rf6 h5 56. Rh6 Kc7 57. Rxh5 Nf4 58. Rh7+ Kb6 59. Be4 Re6 60. Kd4 a5 61. Rf7 Ne2+ 62. Kd5 Rh6 63. Rf2 Nc3+ 64. Kd4 Nxe4 65. Kxe4 Rh3 66. Ra2 a4 67. Kd4 Ka5 68. Kc5 Rc3+ 69. Kd4 Rb3 70. Kc5 b4 71. axb4+ Rxb4 72. Kc6 Rb3 73. Kc5 a3 74. h4 Ka4 75. h5 Rb5+ 76. Kc4 Rxh5 77. Ra1 Rh2 78. Kc3 Rb2 79. Kc4 a2 80. Kc3 Ka3 81. Rd1 Rb1 82. Rd8 a1Q+ 0-1

[Event "Wetherby 4NCL op-B 6th"]
[Site "Wetherby"]
[Date "2016.01.08"]
[Round "1"]
[White "Tinker, Chris R"]
[Black "Wilson, Graham J"]
[Result "0-1"]
[WhiteElo "1757"]
[BlackElo "1892"]
[PlyCount "80"]
[EventDate "2016.01.08"]
[EventType "swiss"]
[EventRounds "5"]
[EventCountry "ENG"]
[SourceTitle "CBM 170 Extra"]
[Source "ChessBase"]
[SourceDate "2016.02.25"]
[SourceVersion "1"]
[SourceVersionDate "2016.02.25"]
[SourceQuality "1"]

1. d4 Nf6 2. Nf3 d5 3. e3 Bg4 4. c4 e6 5. Qb3 Qc8 6. Ne5 c6 7. Bd2 a5 8. a4 Be7 9. Nc3 Nbd7 10. Nxg4 Nxg4 11. Rc1 Qb8 12. h3 Ngf6 13. cxd5 exd5 14. Bd3 0-0 15. 0-0 Qd6 16. Ne2 Rfb8 17. Bb1 Bd8 18. Qd3 Bc7 19. f4 Ne4 20. Be1 f5 21. Rf3 Ndf6 22. Bh4 Nd7 23. Ng3 g6 24. Qb3 Nd2 25. Qc2 Nxf3+ 26. gxf3 Rf8 27. Kh1 Rae8 28. Qf2 Qb4 29. Rg1 Kh8 30. Qg2 Rg8 31. Bc2 Qf8 32. Qd2 Qh6 33. Nxf5 gxf5 34. Rxg8+ Rxg8 35. Qf2 Qe6 36. Bg5 Rf8 37. e4 fxe4 38. fxe4 Qxh3+ 39. Kg1 Qg4+ 40. Kh1 Bxf4 0-1